000 00377nam a2200145Ia 4500
008 230917s9999||||xx |||||||||||||| ||und||
040 _e9361
_aMAIN
041 _aEnglish
082 _a320.9 G146D
100 _aCamer, Robert E
245 0 _aDeveloping nations: A comparative perspective
260 _aBoston
_bAllyn and Bacon
_c1976
300 _axiii, 393 p.
942 _cBK
999 _c201360
_d201360